• 首页
  • 本馆介绍
  • 公告通知
  • 最新文献
  • 馆藏检索
  • 电子资源
  • 读者导购
  • 参考咨询
  • 我的图书馆
  • 登录
  • 详细信息显示
  • 放入我的书架
  • 预约/预借图书
  • 作者相关作品
  • 分类相关作品
  • 丛书相关作品
  • 出版社相关作品

书目信息

  • 表格格式
  • 工作单格式
  • 卡片格式
题名:
新青年·政治卷
    
 
作者: 张宝明 主编
分册: 1   政治卷
出版信息: 郑州   河南文艺出版社  2016.05
页数: 353页
开本: 24cm
丛书名: 新文化元典丛书
单 册:
中图分类: Z62
科图分类:
主题词: 期刊--中国 , 连续出版物--中国
电子资源:
ISBN: 978-7-5559-0350-5
000 00679nam0 2200217 450
001 2657585241
005 20260408160145.33
010    @a978-7-5559-0350-5@dCNY41.00
100    @a20240920d km y0chiy0120 ea
101 0  @achi
200 1  @a新青年·政治卷@AXin Qing Nian·Zheng Zhi Juan@h1@i政治卷@f张宝明主编@FZhang Bao Ming Zhu Bian
210    @a郑州@c河南文艺出版社@d2016.05
215    @a353页@d24cm
225 2  @a新文化元典丛书
410  0 @12001 @a新文化元典丛书
606 0  @a期刊@x中国
606 0  @a连续出版物@x中国
690    @aZ62@v4
701  0 @a张宝明@AZhang Bao Ming@4主编
801  0 @aCN@b大连网信软件有限公司图书馆·11@c20260408
905    @aZUCC@b1057440@dZ62@e88:1
    
    新青年·政治卷.1.政治卷/张宝明主编.-郑州:河南文艺出版社,2016.05
    353页;24cm.-(新文化元典丛书)
    
    
    ISBN 978-7-5559-0350-5:CNY41.00
    
●
相关链接 在E读中查询图书 在五车中查询图书 在当当中查询图书 在豆瓣中查询图书


正题名:新青年·政治卷     索取号:Z62/88:1         预约/预借

序号 登录号 条形码 馆藏地/架位号 状态 备注
1 1442381   214423818   第二样本阅览室/ [索取号:Z62/88:1] 在馆    
唐山师范学院图书馆 欢迎您!
大连网信软件有限公司© 版权所有